Footballers under Carlo Ancelotti - Statistics

General Stats
  • This quiz has been taken 41 times
  • The average score is 2 of 24
Answers on the Grid
Answers color-coded by a green-red scale on the quiz's grid according to % correct below.
Zlatan Ibrahimović
Marco Verratti
Joshua Zirkzee
Juan Mata
Mesut Özil
Martin Ødegaard
Jesé Rodríguez
Kakha Kaladze
Daniel Sturridge
César Azpilicueta
Serge Gnabry
Edinson Cavani
Gaël Kakuta
Renato Sanches
Lucas Hernández
Neal Maupay
Alex Iwobi
Allan
Javier Pastore
Mario Balotelli
Antonio Cassano
Andriy Shevchenko
Oscar
Salvatore Sirigu
Álvaro Morata
Carlo Cudicini
Reinier Jesus
Mohamed Salah
Demarai Gray
Jonathan de Guzmán
James Tarkowski
Yuri Zhirkov
Alphonso Davies
Asier Illarramendi
Fabian Delph
Leon Goretzka
Nacho Fernández
Florent Malouda
Neymar
Paulo Ferreira
Manuele Blasi
Serginho
Romelu Lukaku
Fabián Ruiz
Massimo Ambrosini
 
Answer Stats
Answer % Correct
Marco Verratti
63%
Allan
11%
Andriy Shevchenko
11%
Jesé Rodríguez
11%
Nacho Fernández
11%
Serginho
11%
Alex Iwobi
5%
Álvaro Morata
5%
Asier Illarramendi
5%
Carlo Cudicini
5%
Daniel Sturridge
5%
Fabian Delph
5%
Florent Malouda
5%
Kakha Kaladze
5%
Massimo Ambrosini
5%
Paulo Ferreira
5%
Renato Sanches
5%
Salvatore Sirigu
5%
Fabián Ruiz
0%
Gaël Kakuta
0%
Javier Pastore
0%
Jonathan de Guzmán
0%
Manuele Blasi
0%
Yuri Zhirkov
0%
No matching quizzes found
Score Distribution
Percent of People with Each Score
Percentile by Number Answered
Your Score History
You have not taken this quiz